| 000 | 00913nas a2200289 4500 | ||
|---|---|---|---|
| 001 | BR0901043 | ||
| 003 | BR-BrBNA | ||
| 005 | 20231205113127.0 | ||
| 007 | ta | ||
| 008 | 230509b bl.|||p| |||| 00| 00por d | ||
| 040 |
_aBR-BrBNA _bpor _cBiblioteca Nacional de Agricultura |
||
| 041 | _a(Pt) | ||
| 072 | _aH10 | ||
| 100 | 1 | _aBavaresco, A. | |
| 100 | 1 | _aBotton, M. | |
| 100 | 1 | _aGarcia, M.S. | |
| 100 | 1 | _aZanardi, O.Z. | |
| 245 | 1 | _aControle químico da Argyrotaenia sphaleropa (Meyrick)(Lepidoptera: Tortricidae)e da Hypocala andremona (Stoll)(Lepidoptera: Noctuidae)em laboratório | |
| 650 | _aCAQUI | ||
| 650 | _aPRAGA DE PLANTA | ||
| 650 | _aINSETICIDA | ||
| 650 | _aLAGARTA DA FOLHA | ||
| 650 | _aCONTROLE QUÍMICO | ||
| 773 | 0 |
_tCiência Rural (Brazil) _xISSN 0103-8478 _g(May-Jun 2006), v. 36(3) p. 717-724 _wBR0901043 |
|
| 909 |
_a202311 _bLúcia _c55 _dLúcia Elande |
||
| 942 |
_2AGRIS _n0 _cANA |
||
| 999 |
_c201993 _d201993 |
||